000 00574cam a2200205 4500500
005 20260405003646.0
041 _afre
042 _adc
100 1 0 _aDurand, Jean-Marie
_eauthor
245 0 0 _aQuand les montagnes dansent
260 _c2023.
500 _a60
690 _aMontagne
690 _aNature
690 _aRoche
690 _aTerre
690 _aVivant
786 0 _nPhilosophie magazine | 167 | 2 | 2023-03-01 | p. 75-75 | 1951-1787
856 4 1 _uhttps://shs.cairn.info/magazine-philosophie-magazine-2023-2-page-75?lang=fr&redirect-ssocas=7080
999 _c2069680
_d2069680